Statistiques concernant Pokémon - Tous les Pokémon (Huitième génération)

Cliquez ici pour prendre le quiz!

Statistiques générales

  • Ce quiz a été pris 19 fois
  • Le résultat moyen est 40 sur 89

Statistiques - réponses

NuméroPokémon% Correct
810Ouistempo
88%
813Flambino
81%
816Larméléon
81%
888Zacian
81%
889Zamazenta
81%
817Arrozard
75%
823Corvaillus
75%
890Ethernatos
75%
812Gorythmic
75%
815Pyrobut
75%
895Regidraco
75%
811Badabouin
69%
814Lapyro
69%
818Lézargus
69%
894Regieleki
69%
822Bleuseille
56%
862Ixon
56%
821Minisange
56%
820Rongrigou
56%
892Shifours
56%
898Sylveroy
56%
867Tutétékri
56%
826Astronelle
50%
896Blizzeval
50%
825Coléodôme
50%
833Khélocrok
50%
887Lanssorien
50%
831Moumouton
50%
819Rongourmand
50%
849Salarsen
50%
851Scolocendre
50%
897Spectreval
50%
876Wimessir
50%
861Angoliath
44%
873Beldeneige
44%
856Bibichut
44%
857Chapotus
44%
886Dispareptil
44%
844Dunaconda
44%
843Dunaja
44%
884Duralugon
44%
885Fantyrm
44%
872Frissonille
44%
850Grillepattes
44%
832Moumouflon
44%
865Palarticho
44%
858Sorcilence
44%
891Wushours
44%
830Blancoton
38%
874Dolman
38%
860Fourbelin
38%
881Galvagla
38%
880Galvagon
38%
847Hastacuda
38%
824Larvadar
38%
866M.Glaquette
38%
839Monthracite
38%
828Roublenard
38%
848Toxizap
38%
835Voltoutou
38%
875Bekaglaçon
31%
863Berserkatt
31%
837Charbi
31%
878Charibari
31%
864Corayôme
31%
836Fulgudog
31%
827Goupilou
31%
870Hexadron
31%
883Hydragla
31%
882Hydragon
31%
853Krakos
31%
877Morpeko
31%
879Pachyradjah
31%
855Polthégeist
31%
852Poulpaf
31%
854Théffroi
31%
893Zarude
31%
842Dratatin
25%
846Embrochet
25%
841Pomdrapi
25%
840Verpom
25%
838Wagomine
25%
871Wattapik
25%
869Charmilly
19%
868Crèmy
19%
834Torgarmord
19%
829Tounicoton
19%
845Nigosier
13%
859Griamoin
0%

Distribution des résultats

Percentile par nombre de réponses

% des personnes avec chaque résultat

Votre développement - résultats

Vous n’avez pas pris ce quiz